| 000 | 01010nam0a22002531 4500 | ||
|---|---|---|---|
| 001 | rc\2768373 | ||
| 005 | 20250806203431.0 | ||
| 035 | _a(NLR Aleph) 006894787 | ||
| 090 |
_a15685 _c15685 |
||
| 100 | _a20110915d1941 u y0rusy50 ca | ||
| 101 | 0 | _arus | |
| 102 | _aRU | ||
| 105 | _aa z ||||| | ||
| 200 | 1 |
_aРуководство по постройке и текущему содержанию конно-рельсовых лесовозных железных дорог колеи 750 мм _fНаркомлес СССР. Центр. науч.-исслед. ин-т механизации и эстетики лесной пром. (ЦНИИМЭ) |
|
| 210 |
_aМосква _cГослестехиздат _d1941 |
||
| 215 |
_a76 с. _cил. _d22 см. |
||
| 700 | 1 |
_aАндреев _bМ.П. |
|
| 801 | 0 |
_aRU _bNLR _gpsbo |
|
| 801 | 1 |
_aRU _bELAR _2rusmarc |
|
| 852 |
_aNLR _j62-6/11973 |
||
| 942 | _cBOOK | ||
| 945 | _aРоссийская национальная библиотека | ||
| 980 | _aNB | ||
| 980 | _aBV | ||